[Event "Wch-Seniors 65+"]
[Site "Assisi ITA"]
[Date "2022.11.15"]
[Round "1.10"]
[White "Sciupokas, Arunas"]
[Black "Hebert, Jean"]
[Result "0-1"]
[WhiteElo "1948"]
[BlackElo "2333"]
[PlyCount "105"]
[GameId "2130307567732943"]
[EventDate "2022.11.15"]
[EventType "swiss"]
[EventRounds "11"]
[EventCountry "ITA"]
[SourceTitle "10 Days #706"]
[Source "ChessMix"]
[SourceDate "2022.12.01"]
[SourceVersion "1"]
[SourceVersionDate "2022.12.01"]
[SourceQuality "1"]

1. Nc3 d5 2. Nf3 Nf6 3. d3 Nc6 4. g3 e5 5. Bg2 d4 6. Nb1 Be7 7. O-O O-O 8. Bg5 Be6 9. Nbd2 h6 10. Bxf6 Bxf6 11. c4 dxc3 12. bxc3 Qd7 13. Re1 Rab8 14. Nb3 b6 15. Nbd2 Rfd8 16. Qc2 Be7 17. Red1 Qe8 18. Nf1 Bf6 19. N3d2 Na5 20. Ne3 c5 21. Rab1 Nc6 22. Ne4 Be7 23. Nd2 Rbc8 24. Ndc4 Bf6 25. a4 Rb8 26. Rf1 Qd7 27. Rfd1 Ne7 28. Nd2 Bg5 29. Nec4 Bxd2 30. Nxd2 Bd5 31. Bxd5 Nxd5 32. Nf3 Qe6 33. e4 Nf4 34. Ne1 Ng6 35. f3 h5 36. Ng2 Qf6 37. Qf2 Rd7 38. Ne3 Ne7 39. Rd2 Rbd8 40. Qe2 Qc6 41. Ra1 h4 42. Nc4 Qe6 43. Rad1 f6 44. Qg2 Qc6 45. Nb2 Kf7 46. f4 Ng6 47. f5 Ne7 48. g4 g5 49. h3 a6 50. Qe2 b5 51. axb5 axb5 52. Ra1 Nc8 53. c4 0-1

[Event "Wch-Seniors 65+"]
[Site "Assisi ITA"]
[Date "2022.11.16"]
[Round "2.10"]
[White "Hebert, Jean"]
[Black "Markzon, Gregory"]
[Result "1-0"]
[WhiteElo "2333"]
[BlackElo "2042"]
[PlyCount "57"]
[GameId "2130307567737078"]
[EventDate "2022.11.15"]
[EventType "swiss"]
[EventRounds "11"]
[EventCountry "ITA"]
[SourceTitle "10 Days #706"]
[Source "ChessMix"]
[SourceDate "2022.12.01"]
[SourceVersion "1"]
[SourceVersionDate "2022.12.01"]
[SourceQuality "1"]

1. Nf3 Nf6 2. c4 g6 3. Nc3 Bg7 4. d4 O-O 5. e4 d6 6. h3 e5 7. d5 c6 8. Be3 b5 9. dxc6 b4 10. Nd5 Nxc6 11. Bg5 Be6 12. Bd3 Bxd5 13. cxd5 Ne7 14. O-O Nh5 15. g3 h6 16. Bd2 Rb8 17. Rc1 Qb6 18. Be3 Qb7 19. Qa4 Nxd5 20. exd5 Qxd5 21. Be2 Qe6 22. Kg2 d5 23. Qc6 d4 24. Qxe6 fxe6 25. Bd2 e4 26. Nh4 d3 27. Bg4 Rb7 28. Bxe6+ Kh7 29. Bd5 1-0

[Event "Wch-Seniors 65+"]
[Site "Assisi ITA"]
[Date "2022.11.17"]
[Round "3.7"]
[White "Vogel, Jaap"]
[Black "Hebert, Jean"]
[Result "0-1"]
[WhiteElo "2119"]
[BlackElo "2333"]
[PlyCount "70"]
[GameId "2130307567737115"]
[EventDate "2022.11.15"]
[EventType "swiss"]
[EventRounds "11"]
[EventCountry "ITA"]
[SourceTitle "10 Days #706"]
[Source "ChessMix"]
[SourceDate "2022.12.01"]
[SourceVersion "1"]
[SourceVersionDate "2022.12.01"]
[SourceQuality "1"]

1. d4 Nf6 2. Nf3 e6 3. Bf4 b6 4. e3 Bb7 5. Be2 g6 6. O-O Bg7 7. c4 d6 8. Nc3 Nbd7 9. h3 O-O 10. Bh2 Qe7 11. Rc1 Rfd8 12. Qc2 c5 13. Rfd1 cxd4 14. Nxd4 e5 15. Ndb5 Nf8 16. Nd5 Nxd5 17. cxd5 a6 18. Nc3 Nd7 19. Bg3 Bh6 20. Qd2 Rdc8 21. f3 b5 22. a3 Nc5 23. Ne4 Na4 24. Nf2 f5 25. Nd3 Bxd5 26. Nb4 Bb3 27. Rxc8+ Rxc8 28. Qxd6 Bxe3+ 29. Kh2 Qxd6 30. Rxd6 f4 31. Bh4 Nxb2 32. Nc6 Re8 33. Ne7+ Kf7 34. Rd7 Ke6 35. Rb7 Bc4 0-1

[Event "Wch-Seniors 65+"]
[Site "Assisi ITA"]
[Date "2022.11.18"]
[Round "4.5"]
[White "Hebert, Jean"]
[Black "Shaffer, Alexander"]
[Result "1-0"]
[WhiteElo "2333"]
[BlackElo "1688"]
[PlyCount "79"]
[GameId "2130307567741248"]
[EventDate "2022.11.15"]
[EventType "swiss"]
[EventRounds "11"]
[EventCountry "ITA"]
[SourceTitle "10 Days #706"]
[Source "ChessMix"]
[SourceDate "2022.12.01"]
[SourceVersion "1"]
[SourceVersionDate "2022.12.01"]
[SourceQuality "1"]

1. Nf3 d5 2. g3 Nf6 3. Bg2 g6 4. O-O Bg7 5. c4 c6 6. d4 O-O 7. Qb3 dxc4 8. Qxc4 Nbd7 9. Nc3 Nb6 10. Qd3 Be6 11. Rd1 Qc8 12. e4 Rd8 13. Qf1 Bc4 14. Qe1 Be6 15. b3 Bh3 16. Ba3 Bxg2 17. Kxg2 e6 18. Rac1 Qd7 19. h3 Qe8 20. Qe2 a5 21. e5 Nfd5 22. Ne4 a4 23. Bc5 Nc8 24. Qb2 axb3 25. Qxb3 Nce7 26. Nd6 Qd7 27. Qxb7 Rxa2 28. Qxd7 Rxd7 29. Ra1 Rxa1 30. Rxa1 Rd8 31. Ng5 Rf8 32. Ra7 h6 33. Nge4 Nc8 34. Nxc8 Rxc8 35. Rxf7 Rb8 36. Ra7 g5 37. Bd6 Re8 38. Ra6 Rc8 39. Nc5 Nb4 40. Ra4 1-0

[Event "Wch-Seniors 65+"]
[Site "Assisi ITA"]
[Date "2022.11.19"]
[Round "5.1"]
[White "Nunn, John D M"]
[Black "Hebert, Jean"]
[Result "1-0"]
[WhiteElo "2580"]
[BlackElo "2333"]
[PlyCount "49"]
[GameId "2130307567741277"]
[EventDate "2022.11.15"]
[EventType "swiss"]
[EventRounds "11"]
[EventCountry "ITA"]
[SourceTitle "10 Days #706"]
[Source "ChessMix"]
[SourceDate "2022.12.01"]
[SourceVersion "1"]
[SourceVersionDate "2022.12.01"]
[SourceQuality "1"]

1. e4 e6 2. d4 d5 3. Nc3 Nc6 4. e5 Bd7 5. f4 Nh6 6. Be3 f6 7. Nf3 Nf5 8. Bf2 fxe5 9. dxe5 Bb4 10. a3 Be7 11. Qd2 O-O 12. O-O-O Kh8 13. g4 Nh6 14. Rg1 Qe8 15. h4 b5 16. f5 b4 17. axb4 Bxb4 18. f6 Ng8 19. g5 Nge7 20. g6 Nf5 21. Bd3 hxg6 22. h5 gxf6 23. Bxf5 g5 24. exf6 Qf7 25. Rxg5 1-0

[Event "Wch-Seniors 65+"]
[Site "Assisi ITA"]
[Date "2022.11.20"]
[Round "6.8"]
[White "Hebert, Jean"]
[Black "Petran, Peter"]
[Result "1-0"]
[WhiteElo "2333"]
[BlackElo "2213"]
[PlyCount "109"]
[GameId "2130307567745419"]
[EventDate "2022.11.15"]
[EventType "swiss"]
[EventRounds "11"]
[EventCountry "ITA"]
[SourceTitle "10 Days #706"]
[Source "ChessMix"]
[SourceDate "2022.12.01"]
[SourceVersion "1"]
[SourceVersionDate "2022.12.01"]
[SourceQuality "1"]

1. d4 g6 2. e4 Bg7 3. c4 d6 4. Nc3 Nf6 5. Nf3 O-O 6. h3 c5 7. d5 e6 8. Bd3 exd5 9. exd5 Re8+ 10. Be3 a6 11. O-O b5 12. cxb5 axb5 13. Bxb5 Re7 14. Re1 Ba6 15. Bxa6 Rxa6 16. Qc2 Nbd7 17. Bf4 Rxe1+ 18. Rxe1 Qb8 19. b3 Nh5 20. Bd2 Ne5 21. Nxe5 Bxe5 22. a4 Qb7 23. Nb5 Ra8 24. Bc3 Bxc3 25. Qxc3 Rd8 26. Qf3 Qd7 27. Re4 Qf5 28. Qxf5 gxf5 29. Rc4 Nf6 30. a5 Nxd5 31. a6 Nb6 32. Rf4 Kf8 33. Rxf5 Ke7 34. Kf1 Ra8 35. a7 Nc8 36. Rf4 Kd7 37. Rxf7+ Kc6 38. Nc3 Rxa7 39. Rxa7 Nxa7 40. g4 d5 41. Ke2 d4 42. Ne4 Kb5 43. g5 Nc6 44. h4 Kb4 45. h5 Kxb3 46. Nxc5+ Kc4 47. Nd3 Kd5 48. Kf3 Nd8 49. Kg4 Ke6 50. f4 Kf7 51. Kf5 Nc6 52. Ke4 Kg7 53. Ne5 Ne7 54. h6+ Kg8 55. Kxd4 1-0

[Event "Wch-Seniors 65+"]
[Site "Assisi ITA"]
[Date "2022.11.22"]
[Round "7.3"]
[White "Fernandez Garcia, Jose Luis"]
[Black "Hebert, Jean"]
[Result "1/2-1/2"]
[WhiteElo "2358"]
[BlackElo "2333"]
[PlyCount "74"]
[GameId "2130307567749546"]
[EventDate "2022.11.15"]
[EventType "swiss"]
[EventRounds "11"]
[EventCountry "ITA"]
[SourceTitle "10 Days #706"]
[Source "ChessMix"]
[SourceDate "2022.12.01"]
[SourceVersion "1"]
[SourceVersionDate "2022.12.01"]
[SourceQuality "1"]

1. e4 e6 2. Nf3 d5 3. exd5 exd5 4. d4 Nc6 5. Bb5 Bd6 6. O-O Nge7 7. c4 dxc4 8. Bxc4 O-O 9. h3 Bf5 10. Nc3 a6 11. d5 Ne5 12. Nxe5 Bxe5 13. Re1 Bd6 14. Qf3 Qd7 15. Bf4 Bxf4 16. Qxf4 Nc8 17. Rad1 Nd6 18. Bd3 Rfe8 19. Bxf5 Qxf5 20. Qxf5 Nxf5 21. Ne4 Kf8 22. g4 Nd6 23. Nxd6 cxd6 24. Rxe8+ Kxe8 25. Rc1 Kd7 26. Rc3 Re8 27. Rb3 Kc7 28. Rc3+ Kb8 29. Kg2 Re2 30. Re3 Rxb2 31. Re7 Rxa2 32. Rxf7 b5 33. Rxg7 b4 34. Rxh7 b3 35. Rh8+ Kc7 36. Rh7+ Kb6 37. Rh8 Kc7 1/2-1/2

[Event "Wch-Seniors 65+"]
[Site "Assisi ITA"]
[Date "2022.11.23"]
[Round "8.6"]
[White "Hebert, Jean"]
[Black "Maryasin, Boris"]
[Result "1/2-1/2"]
[WhiteElo "2333"]
[BlackElo "2258"]
[PlyCount "86"]
[GameId "2130307567749565"]
[EventDate "2022.11.15"]
[EventType "swiss"]
[EventRounds "11"]
[EventCountry "ITA"]
[SourceTitle "10 Days #706"]
[Source "ChessMix"]
[SourceDate "2022.12.01"]
[SourceVersion "1"]
[SourceVersionDate "2022.12.01"]
[SourceQuality "1"]

1. d4 Nf6 2. c4 e6 3. Nc3 Bb4 4. Qc2 Nc6 5. Nf3 d6 6. a3 Bxc3+ 7. Qxc3 Qe7 8. g3 e5 9. dxe5 dxe5 10. Bg2 a5 11. b3 O-O 12. O-O Re8 13. Bb2 Bf5 14. Nh4 Bg4 15. Rfe1 Nd4 16. f3 Bd7 17. e3 Nc6 18. e4 Nd4 19. Qd3 c5 20. Bxd4 cxd4 21. f4 exf4 22. gxf4 Nxe4 23. Nf3 f5 24. Qxd4 Bc6 25. Ne5 Rad8 26. Qe3 Rd6 27. b4 g5 28. Nf3 Re6 29. Nd4 Rg6 30. Nxc6 bxc6 31. fxg5 axb4 32. axb4 Qxb4 33. h4 Qxc4 34. Rac1 Qb4 35. Qf4 Qd4+ 36. Kh2 Qd6 37. Rf1 Rf8 38. Rce1 c5 39. Bxe4 fxe4 40. Qxd6 Rxd6 41. Rxf8+ Kxf8 42. Rxe4 Rc6 43. Rc4 Rd6 1/2-1/2

[Event "Wch-Seniors 65+"]
[Site "Assisi ITA"]
[Date "2022.11.24"]
[Round "9.3"]
[White "Legky, Nikolay A"]
[Black "Hebert, Jean"]
[Result "1/2-1/2"]
[WhiteElo "2350"]
[BlackElo "2333"]
[PlyCount "83"]
[GameId "2130307567749577"]
[EventDate "2022.11.15"]
[EventType "swiss"]
[EventRounds "11"]
[EventCountry "ITA"]
[SourceTitle "10 Days #706"]
[Source "ChessMix"]
[SourceDate "2022.12.01"]
[SourceVersion "1"]
[SourceVersionDate "2022.12.01"]
[SourceQuality "1"]

1. d4 Nf6 2. Bg5 d5 3. Nf3 Ne4 4. Bh4 c5 5. e3 Qb6 6. Nc3 e6 7. Be2 Nc6 8. O-O cxd4 9. Nxe4 dxe4 10. Nxd4 Bd7 11. Nb5 Na5 12. Qd4 Bxb5 13. Qxb6 axb6 14. Bxb5+ Nc6 15. Rfd1 Be7 16. Bg3 h5 17. Bc7 Bd8 18. Be5 f6 19. Bd6 Be7 20. Bc4 Kf7 21. Bc7 Rhc8 22. Bxb6 Nb4 23. Bb3 Rc6 24. Bd4 Nxc2 25. Rac1 Nxd4 26. exd4 Rxc1 27. Rxc1 Bd6 28. Re1 f5 29. f3 Kf6 30. fxe4 fxe4 31. Rxe4 e5 32. dxe5+ Bxe5 33. Rb4 Bxb2 34. Rxb7 Bd4+ 35. Kf1 Ra7 36. Rb8 Re7 37. a4 Ba7 38. Rb5 Re5 39. Bd5 g5 40. a5 h4 41. h3 Kf5 42. Bc4 1/2-1/2

[Event "Wch-Seniors 65+"]
[Site "Assisi ITA"]
[Date "2022.11.25"]
[Round "10.5"]
[White "Hebert, Jean"]
[Black "Pomes Marcet, Joan"]
[Result "1/2-1/2"]
[WhiteElo "2333"]
[BlackElo "2197"]
[PlyCount "66"]
[GameId "2130307567749595"]
[EventDate "2022.11.15"]
[EventType "swiss"]
[EventRounds "11"]
[EventCountry "ITA"]
[SourceTitle "10 Days #706"]
[Source "ChessMix"]
[SourceDate "2022.12.01"]
[SourceVersion "1"]
[SourceVersionDate "2022.12.01"]
[SourceQuality "1"]

1. Nf3 d5 2. c4 c6 3. d4 Nf6 4. Nc3 dxc4 5. a4 Bf5 6. Ne5 Nbd7 7. Nxc4 Nb6 8. Ne5 a5 9. f3 Nfd7 10. Nd3 e6 11. e4 Bg6 12. Be3 Bd6 13. Qb3 Qc7 14. g3 O-O 15. Rc1 Rae8 16. Bg2 Nd5 17. Bf2 Qb6 18. Qxb6 N7xb6 19. b3 Nxc3 20. Rxc3 Nd7 21. O-O Rd8 22. Rd1 Rfe8 23. Rcc1 Ba3 24. Ra1 Bf8 25. Nf4 Bb4 26. h4 f6 27. Nxg6 hxg6 28. Bf1 e5 29. Kg2 Bc3 30. Rac1 Bxd4 31. Bxd4 exd4 32. Rxd4 Kf8 33. f4 Ke7 1/2-1/2

[Event "Wch-Seniors 65+"]
[Site "Assisi ITA"]
[Date "2022.11.26"]
[Round "11.8"]
[White "Takyrbashev, Tilek"]
[Black "Hebert, Jean"]
[Result "0-1"]
[WhiteElo "1881"]
[BlackElo "2333"]
[PlyCount "100"]
[GameId "2130307567753709"]
[EventDate "2022.11.15"]
[EventType "swiss"]
[EventRounds "11"]
[EventCountry "ITA"]
[SourceTitle "10 Days #706"]
[Source "ChessMix"]
[SourceDate "2022.12.01"]
[SourceVersion "1"]
[SourceVersionDate "2022.12.01"]
[SourceQuality "1"]

1. e4 e6 2. d4 d5 3. Nd2 Nf6 4. exd5 exd5 5. Ngf3 Bd6 6. Bd3 O-O 7. O-O Nc6 8. c3 Bg4 9. h3 Bh5 10. Re1 Re8 11. Rxe8+ Qxe8 12. Qe1 Ne7 13. Qf1 c5 14. dxc5 Bxc5 15. Nb3 Bb6 16. Nbd4 Ne4 17. Be2 Nc6 18. Be3 Ng3 19. fxg3 Qxe3+ 20. Kh2 Re8 21. Nf5 Qe6 22. g4 Bg6 23. Bd3 Bc7+ 24. Kh1 Bxf5 25. Bxf5 Qf6 26. Re1 Rxe1 27. Qxe1 g6 28. Bc8 b6 29. Bb7 Ne7 30. Qd2 Qe6 31. Qe1 Qd6 32. Qd2 f6 33. a4 Kg7 34. Qd4 h6 35. Qd2 g5 36. Qd4 Qc5 37. Qxc5 bxc5 38. Kg1 Kf7 39. Kf2 Ke6 40. Ke2 Ng6 41. Ne1 Nf4+ 42. Kd2 Bb6 43. b3 Kd6 44. Ba6 Ba5 45. g3 Nxh3 46. Ke2 Bxc3 47. Bc8 Ng1+ 48. Kf1 Bxe1 49. Kxg1 Ke5 50. Kg2 Kd4 0-1

[Event "Francophonie-ch"]
[Site "Hammamet TUN"]
[Date "2017.10.30"]
[Round "4.3"]
[White "Abergel, Thal"]
[Black "Hebert, Jean"]
[Result "1-0"]
[WhiteElo "2462"]
[BlackElo "2376"]
[PlyCount "111"]
[GameId "2130307625800666"]
[EventDate "2017.10.28"]
[EventType "swiss"]
[EventRounds "9"]
[EventCountry "TUN"]
[SourceTitle "10 Days #524"]
[Source "Chess Mix"]
[SourceDate "2017.11.10"]
[SourceVersion "1"]
[SourceVersionDate "2017.11.10"]
[SourceQuality "1"]

1. e4 e6 2. Qe2 c5 3. Nf3 Nc6 4. g3 g6 5. Bg2 Bg7 6. O-O Nge7 7. c3 e5 8. a3 d6 9. b4 O-O 10. Bb2 h6 11. d3 Bg4 12. b5 Na5 13. Nbd2 a6 14. a4 Qd7 15. c4 b6 16. Rfb1 Nb7 17. Nf1 a5 18. Ne3 Be6 19. Nd2 Rab8 20. Rf1 Nd8 21. f4 exf4 22. Bxg7 Kxg7 23. Rxf4 f5 24. Raf1 Nf7 25. exf5 Nxf5 26. Bc6 Qc7 27. Nxf5+ Bxf5 28. g4 Ng5 29. gxf5 Nh3+ 30. Kh1 Nxf4 31. Rxf4 Rxf5 32. Rxf5 gxf5 33. Qe6 Rf8 34. Bd5 Qd8 35. Nf3 Rf6 36. Qe1 Rf8 37. Nh4 Qg5 38. Nf3 Qf6 39. Kg2 Qg6+ 40. Qg3 Re8 41. Kf2 Re7 42. Qf4 Qf6 43. Nh4 Re5 44. Qg3+ Qg5 45. Qxg5+ hxg5 46. Nf3 Kf6 47. Nxe5 Kxe5 48. Ke2 Kd4 49. Kd2 Ke5 50. Bb7 Kf6 51. Bc8 g4 52. Ke3 Kg5 53. Bd7 f4+ 54. Ke4 f3 55. Bxg4 Kxg4 56. Ke3 1-0

[Event "Francophonie-ch"]
[Site "Hammamet TUN"]
[Date "2017.11.01"]
[Round "5.9"]
[White "Hebert, Jean"]
[Black "Taieb, Sahbi"]
[Result "1-0"]
[WhiteElo "2376"]
[BlackElo "2123"]
[PlyCount "103"]
[GameId "2130307625800676"]
[EventDate "2017.10.28"]
[EventType "swiss"]
[EventRounds "9"]
[EventCountry "TUN"]
[SourceTitle "10 Days #524"]
[Source "Chess Mix"]
[SourceDate "2017.11.10"]
[SourceVersion "1"]
[SourceVersionDate "2017.11.10"]
[SourceQuality "1"]

1. Nf3 Nc6 2. c4 e5 3. Nc3 Nf6 4. d4 exd4 5. Nxd4 Bc5 6. e3 O-O 7. Be2 a6 8. O-O d6 9. Nxc6 bxc6 10. Bf3 Bd7 11. b3 Qe8 12. Bb2 Ba7 13. Re1 h6 14. Rc1 Nh7 15. Qd3 Ng5 16. Bd1 f5 17. Bc2 Qf7 18. Ne2 Ne4 19. Nd4 Rae8 20. f3 Ng5 21. h4 Bxd4 22. Qxd4 Ne6 23. Qd2 Qh5 24. Qf2 Re7 25. Qg3 Rfe8 26. b4 Nf8 27. e4 Ng6 28. exf5 Bxf5 29. Bxf5 Qxf5 30. Rxe7 Rxe7 31. Re1 Rxe1+ 32. Qxe1 Kh7 33. Qc3 Qf7 34. Qd3 Kg8 35. Qe4 d5 36. cxd5 cxd5 37. Qg4 Qe8 38. Kh2 Qe1 39. h5 Qh4+ 40. Qxh4 Nxh4 41. Kg3 g5 42. hxg6 Nxg6 43. Kg4 Kf7 44. g3 Ke6 45. f4 Ne7 46. Kh5 Nf5 47. g4 Ne3 48. Bd4 Nc2 49. Bg7 Ne3 50. a3 c6 51. Bc3 Nd1 52. Bd4 1-0

[Event "Francophonie-ch"]
[Site "Hammamet TUN"]
[Date "2017.11.02"]
[Round "6.8"]
[White "Sheremetieva, Marina"]
[Black "Hebert, Jean"]
[Result "0-1"]
[WhiteElo "2225"]
[BlackElo "2376"]
[PlyCount "72"]
[GameId "2130307625804782"]
[EventDate "2017.10.28"]
[EventType "swiss"]
[EventRounds "9"]
[EventCountry "TUN"]
[SourceTitle "10 Days #524"]
[Source "Chess Mix"]
[SourceDate "2017.11.10"]
[SourceVersion "1"]
[SourceVersionDate "2017.11.10"]
[SourceQuality "1"]

1. e4 c5 2. Nf3 Nc6 3. Bb5 d6 4. Bxc6+ bxc6 5. O-O Bg4 6. h3 Bh5 7. d3 e6 8. Nbd2 Nf6 9. Qe1 Nd7 10. Nh2 Be7 11. f4 f6 12. Qh4 Bf7 13. f5 Ne5 14. Ndf3 exf5 15. exf5 O-O 16. Ng4 Rb8 17. Nh6+ gxh6 18. Bxh6 Kh8 19. Bxf8 Qxf8 20. b3 Qg7 21. Nxe5 dxe5 22. c4 Rd8 23. Rf3 Rd4 24. Qf2 a5 25. Re1 Bf8 26. Re4 Qg5 27. g4 Bh6 28. Rxd4 cxd4 29. Qg3 Qc1+ 30. Kg2 Be3 31. Rf1 Qd2+ 32. Kh1 Qxd3 33. Qg2 Bf4 34. Ra1 h5 35. Rf1 Qg3 36. Qxg3 Bxg3 0-1

[Event "Francophonie-ch"]
[Site "Hammamet TUN"]
[Date "2017.11.02"]
[Round "7.1"]
[White "Hebert, Jean"]
[Black "Bellia, Fabrizio"]
[Result "1/2-1/2"]
[WhiteElo "2376"]
[BlackElo "2435"]
[PlyCount "119"]
[GameId "2130307625804785"]
[EventDate "2017.10.28"]
[EventType "swiss"]
[EventRounds "9"]
[EventCountry "TUN"]
[SourceTitle "10 Days #524"]
[Source "Chess Mix"]
[SourceDate "2017.11.10"]
[SourceVersion "1"]
[SourceVersionDate "2017.11.10"]
[SourceQuality "1"]

1. Nf3 Nf6 2. g3 b5 3. a4 b4 4. Bg2 Bb7 5. O-O e6 6. d3 d5 7. c3 c5 8. cxb4 cxb4 9. a5 a6 10. Nbd2 Nbd7 11. Nb3 Bd6 12. d4 O-O 13. Bf4 Bxf4 14. gxf4 Bc6 15. Ne5 Bb5 16. Re1 Rc8 17. e3 Ne4 18. f3 Nd6 19. Nxd7 Qxd7 20. Nc5 Qe7 21. Qd2 Rc7 22. Qxb4 Nb7 23. Rac1 Rfc8 24. Rc3 Nxc5 25. Rec1 Bc4 26. dxc5 Rb7 27. Qa3 Rcb8 28. c6 Qxa3 29. bxa3 Rc7 30. e4 Rxc6 31. exd5 exd5 32. Bf1 h5 33. Bxc4 Rbc8 34. Kf2 dxc4 35. h4 Kf8 36. Re1 Rc5 37. Re4 Rxa5 38. Rexc4 Rxc4 39. Rxc4 Rxa3 40. Rc5 g6 41. f5 Kg7 42. fxg6 fxg6 43. Rc4 Kh6 44. Rc6 Ra1 45. Kg2 a5 46. Ra6 Kg7 47. Kh2 Kf7 48. Kg2 a4 49. Kh2 a3 50. Kg2 a2 51. Ra8 Ke6 52. Ra7 Kd5 53. Ra8 Kc6 54. Ra7 Kb5 55. Ra8 Kb6 56. Ra3 Kc5 57. Ra8 Kd4 58. Rd8+ Ke3 59. Re8+ Kd3 60. Rd8+ 1/2-1/2

[Event "WTch Seniors 50+"]
[Site "Radebeul GER"]
[Date "2016.06.26"]
[Round "1.6"]
[White "Bauer, Burkhardt"]
[Black "Hebert, Jean"]
[Result "0-1"]
[WhiteElo "2056"]
[BlackElo "2370"]
[PlyCount "82"]
[GameId "2130307643859602"]
[EventDate "2016.06.26"]
[EventType "team"]
[EventRounds "9"]
[EventCountry "GER"]
[SourceTitle "10 Days #476"]
[Source "Chess Mix"]
[WhiteTeam "SV Aufbau Bernburg"]
[BlackTeam "Canada"]
[BlackTeamCountry "CAN"]

1. d4 Nf6 2. Bf4 g6 3. e3 Bg7 4. Nf3 b6 5. h3 Bb7 6. Be2 O-O 7. O-O d6 8. c4 Nbd7 9. Nc3 e6 10. Rc1 Qe7 11. Bh2 Rfd8 12. Qa4 a6 13. Qa3 c5 14. Rfd1 e5 15. Rd2 exd4 16. exd4 Bh6 17. Rcd1 Bxd2 18. Rxd2 Bxf3 19. gxf3 Qe6 20. Bf1 cxd4 21. Rxd4 Ne5 22. Kg2 b5 23. Nd5 Nxd5 24. cxd5 Qf6 25. Re4 Qg5+ 26. Bg3 f5 27. f4 Qh6 28. Re1 Nf7 29. Re6 Qg7 30. Kh2 Qd4 31. Bg2 b4 32. Qa5 Qxb2 33. Bh4 Rdc8 34. Re7 Qd4 35. Qa4 Rf8 36. Qd7 Qxf4+ 37. Bg3 Qd4 38. Qe6 f4 39. Bh4 f3 40. Bg3 fxg2 41. Bxd6 Qxf2 0-1

[Event "WTch Seniors 50+"]
[Site "Radebeul GER"]
[Date "2016.06.28"]
[Round "3.7"]
[White "Plaskett, Jim"]
[Black "Hebert, Jean"]
[Result "1/2-1/2"]
[WhiteElo "2445"]
[BlackElo "2370"]
[PlyCount "139"]
[GameId "2130307643872064"]
[EventDate "2016.06.26"]
[EventType "team"]
[EventRounds "9"]
[EventCountry "GER"]
[SourceTitle "10 Days #476"]
[Source "Chess Mix"]
[WhiteTeam "England 2"]
[BlackTeam "Canada"]
[BlackTeamCountry "CAN"]

1. e4 e6 2. d4 d5 3. Nd2 Nf6 4. Bd3 c5 5. e5 Nfd7 6. c3 Nc6 7. Ngf3 g6 8. h4 Be7 9. O-O O-O 10. Re1 Qb6 11. h5 cxd4 12. cxd4 Nxd4 13. Nxd4 Qxd4 14. Nb3 Qh4 15. Bh6 f5 16. Bxf8 Nxf8 17. Rc1 Bd8 18. hxg6 Nxg6 19. g3 Qg5 20. Nc5 b6 21. Nb3 Bd7 22. Nd4 Be7 23. Rc7 Bc5 24. Bxf5 exf5 25. Rxd7 f4 26. Qf3 Rf8 27. Qxd5+ Kh8 28. Rf7 fxg3 29. Rxf8+ Nxf8 30. Re4 gxf2+ 31. Kxf2 Ng6 32. Ke2 Qg2+ 33. Kd1 Qxb2 34. Nc2 Qb1+ 35. Kd2 a5 36. e6 Qb2 37. Qd8+ Kg7 38. e7 Nxe7 39. Rxe7+ Bxe7 40. Qxe7+ Kg6 41. Qe4+ Kg7 42. Qe7+ Kg6 43. Qe8+ Kg7 44. a4 Qf6 45. Ne3 h5 46. Kd3 h4 47. Ke4 h3 48. Nf5+ Kh7 49. Qh5+ Kg8 50. Qxh3 Qc6+ 51. Ke5 Qe8+ 52. Kf6 Qf8+ 53. Kg6 Qe8+ 54. Kf6 Qc6+ 55. Ke7 Qc7+ 56. Ke6 Qc6+ 57. Nd6 Qxa4 58. Qg2+ Kh7 59. Qh1+ Kg6 60. Qg2+ Kh5 61. Nf5 Qc4+ 62. Kf6 Qc3+ 63. Kf7 Qc4+ 64. Ke7 Qc7+ 65. Ke6 Qc4+ 66. Ke5 Qc5+ 67. Kf6 Qc3+ 68. Ke6 Qc4+ 69. Kd7 Qb5+ 70. Ke6 1/2-1/2

[Event "WTch Seniors 50+"]
[Site "Radebeul GER"]
[Date "2016.06.30"]
[Round "5.5"]
[White "Clara, Hans Joachim"]
[Black "Hebert, Jean"]
[Result "1/2-1/2"]
[WhiteElo "2320"]
[BlackElo "2370"]
[PlyCount "43"]
[GameId "2130307643880419"]
[EventDate "2016.06.26"]
[EventType "team"]
[EventRounds "9"]
[EventCountry "GER"]
[SourceTitle "10 Days #476"]
[Source "Chess Mix"]
[WhiteTeam "Hessische Seniorenmannschaft"]
[BlackTeam "Canada"]
[BlackTeamCountry "CAN"]

1. Nf3 Nf6 2. c4 e6 3. Nc3 Bb4 4. Qc2 c5 5. a3 Ba5 6. g3 Nc6 7. Bg2 O-O 8. O-O a6 9. Rd1 e5 10. e3 d6 11. d3 h6 12. b3 Bg4 13. h3 Bf5 14. Bb2 Qd7 15. Kh2 Rfe8 16. Nd2 Bg6 17. Nde4 Nh7 18. Nd5 Rac8 19. Nec3 Qd8 20. Rab1 Nf6 21. Nxf6+ Qxf6 22. Nd5 1/2-1/2

[Event "WTch Seniors 50+"]
[Site "Radebeul GER"]
[Date "2016.07.01"]
[Round "6.5"]
[White "Enders, Peter"]
[Black "Hebert, Jean"]
[Result "1/2-1/2"]
[WhiteElo "2448"]
[BlackElo "2370"]
[PlyCount "251"]
[GameId "2130307643884603"]
[EventDate "2016.06.26"]
[EventType "team"]
[EventRounds "9"]
[EventCountry "GER"]
[SourceTitle "10 Days #476"]
[Source "Chess Mix"]
[WhiteTeam "Thueringen"]
[BlackTeam "Canada"]
[BlackTeamCountry "CAN"]

1. b3 e5 2. Bb2 Nc6 3. e3 Nf6 4. Nf3 e4 5. Nd4 Nxd4 6. Bxd4 d5 7. Be2 Be7 8. d3 O-O 9. Nd2 exd3 10. Bxd3 c5 11. Bb2 Bg4 12. Qc1 Re8 13. O-O Bd6 14. Re1 Bh5 15. Nf1 Rc8 16. c4 dxc4 17. Qxc4 Bg6 18. Bxg6 hxg6 19. Rad1 Qc7 20. Rd3 Be5 21. Bxe5 Rxe5 22. Ng3 a6 23. Red1 b5 24. Qc3 Re6 25. h3 Rc6 26. R3d2 Re8 27. Rc1 Ree6 28. Qb2 Red6 29. Rxd6 Rxd6 30. Qa3 Rc6 31. Rc2 Qe5 32. Qc1 Qe7 33. Ne2 Rc7 34. Nf4 g5 35. Nd3 Ne4 36. f3 Qd6 37. Nf2 Ng3 38. e4 f6 39. Qd1 Rd7 40. Qxd6 Rxd6 41. Ng4 Kf7 42. Ne3 Rc6 43. Kf2 Nh1+ 44. Ke1 Ng3 45. Rd2 Ke6 46. Rd8 c4 47. bxc4 bxc4 48. Kd2 Rc5 49. Nc2 c3+ 50. Ke3 f5 51. Ra8 Ra5 52. a3 fxe4 53. fxe4 Ra4 54. Rc8 Kf7 55. e5 Nf5+ 56. Kd3 g4 57. Rxc3 gxh3 58. gxh3 Rh4 59. Kd2 Ke6 60. Nb4 a5 61. Nd3 a4 62. Rc6+ Ke7 63. Ra6 Nd4 64. Rg6 Rxh3 65. Rxg7+ Kf8 66. Rg4 Nf3+ 67. Ke2 Nxe5 68. Nxe5 Rxa3 69. Kd2 Ke7 70. Kc2 Ke6 71. Nc4 Ra1 72. Rg5 a3 73. Ra5 a2 74. Kb2 Rh1 75. Kxa2 Rh3 76. Kb2 Rg3 77. Kc2 Rh3 78. Kd2 Rg3 79. Ne3 Rh3 80. Kd3 Kd6 81. Rg5 Kc6 82. Kd4 Rh4+ 83. Ng4 Rh1 84. Ne5+ Kb5 85. Nd3+ Kb6 86. Rf5 Rg1 87. Kc4 Rg6 88. Rb5+ Kc7 89. Ne5 Rg1 90. Kd5 Rd1+ 91. Ke6 Rc1 92. Rb2 Rc3 93. Rh2 Rc1 94. Rh3 Rd1 95. Rc3+ Kb6 96. Nd3 Kb5 97. Kd5 Kb6 98. Kd6 Kb5 99. Rc5+ Kb6 100. Rd5 Rh1 101. Nc5 Rh6+ 102. Ne6 Rh1 103. Rd4 Rh6 104. Rb4+ Ka5 105. Rb1 Rh5 106. Nd4 Ka4 107. Nc6 Ka3 108. Ne7 Ka2 109. Rb8 Rh3 110. Nd5 Rb3 111. Rh8 Ka3 112. Kc5 Rg3 113. Rb8 Rg4 114. Ne3 Rh4 115. Nc4+ Ka2 116. Rb2+ Ka1 117. Rg2 Rh8 118. Kb4 Rh4 119. Re2 Rg4 120. Kb3 Rg3+ 121. Ne3 Rg1 122. Ra2+ Kb1 123. Rb2+ Kc1 124. Rc2+ Kb1 125. Nd5 Rg3+ 126. Nc3+ 1/2-1/2